000
00325pab a2200121 454500
008
180718b2004 xxu||||| |||| 00| 0 eng d
100
_a
Farr, James
245
_a
The science of politics - as civic education - then and now
260
_c
2004
362
_a
Jan
773
_a
PS: Political Science and Politics
909
_a
60798
999
_c
60798
_d
60798